|
|
|
|
| LEADER |
00000cam a2200000 a 4500 |
| 001 |
vtls008386345 |
| 003 |
SK-MaSNL |
| 005 |
20260301205022.0 |
| 008 |
230403s1951 xo 000 | slo |
| 015 |
|
|
|a SNBA19451955-007829
|
| 035 |
|
|
|a SK01SNKBKSFS20020078562
|
| 035 |
|
|
|a urn:nbn:sk:snk-am3iimc
|
| 035 |
|
|
|a 31728646-161C-4514-A6BB-092AA4FC10A3
|
| 035 |
|
|
|a urn:nbn:sk:snk-am00ekqm
|
| 035 |
|
|
|a SKM000081025
|
| 040 |
|
|
|a SNK
|b slo
|c SNK
|e AACR2
|
| 041 |
1 |
|
|a slo
|h rus
|
| 044 |
|
|
|a xo
|c SK
|
| 080 |
|
|
|a 621.9
|2 1981
|
| 100 |
1 |
|
|a Moskvitin, N.
|4 aut
|9 590536
|
| 245 |
1 |
0 |
|a Vlajka rýchlosti
|c N. Moskvitin ; [z ruského originálu preložila Mária Kesslerová]
|
| 260 |
|
|
|a Bratislava
|b Obroda
|c 1951
|e Žilina
|f Pravda
|
| 300 |
|
|
|a 28, [4] s.
|c V. 8°
|
| 366 |
|
|
|e 10000 výtl.
|
| 490 |
1 |
|
|a Učme sa od SSSR
|v soš. 8
|
| 650 |
0 |
7 |
|a obrábanie kovov
|2 SNKPH
|9 69054
|
| 651 |
|
7 |
|a Sovietsky zväz
|2 SNKPHgeo
|9 22126
|
| 655 |
|
7 |
|a príručky
|2 SNKPH
|9 74364
|
| 700 |
1 |
|
|a Kesslerová, Mária
|4 trl
|9 532178
|
| 830 |
|
0 |
|a Učme sa od SSSR
|9 308934
|
| 852 |
|
|
|a Slovenská národná knižnica
|
| 954 |
|
|
|a odborná, vedecká literatúra cudzojazyčná (svetová)
|2 lita
|
| 958 |
|
|
|a OND
|
| 958 |
|
|
|a RK
|
| 958 |
|
|
|a TL
|
| 958 |
|
|
|a EUIPO
|
| 999 |
|
|
|c 908645
|d 910575
|
| 952 |
|
|
|a SNK
|b SNK
|y VYP
|7 0
|p 17A0327966
|o snkSD 7328/8 D1
|i snkF 666/62
|8 5
|0 0
|1 0
|4 0
|d 2011-05-17
|l 0
|r 2026-02-24 07:36:41
|w 2026-02-24
|
| 952 |
|
|
|a SNK
|b SNK
|y VYP
|7 0
|p 17A0699887
|o snkSD 7328/8 D2
|i snkF 1857/63
|8 5
|0 0
|1 0
|4 0
|d 2011-05-17
|l 0
|r 2026-02-24 07:36:41
|w 2026-02-24
|
| 952 |
|
|
|a SNK
|b SNK
|y PREZ
|7 0
|p 17A0910610
|o snkSD 7328/8
|i snk2505/51
|0 0
|1 0
|4 0
|d 2020-06-29
|f 1
|l 0
|r 2025-11-17 00:00:00
|w 2026-02-24
|